Ciberdelitos : estrategias y técnicas de litigación /
Guardado en:
| Otros Autores: | , , , , , , , , , , , , , , , , , , , , , , , , , , |
|---|---|
| Formato: | Libro |
| Idioma: | Undetermined |
| Publicado: |
Buenos Aires :
Hammurabi,
2025.
|
| Edición: | 1a. ed. |
| Materias: | |
| Etiquetas: |
Agregar Etiqueta
Sin Etiquetas, Sea el primero en etiquetar este registro!
|
| LEADER | 02335nam a22005295a 4500 | ||
|---|---|---|---|
| 001 | DER.der015609 | ||
| 008 | 251216s2025####ag############000#0#und#d | ||
| 005 | 20251216152803.0 | ||
| 245 | 1 | 0 | |a Ciberdelitos : |b estrategias y técnicas de litigación / |c dirigido por María José Motta, con prólogo de Marcelo A. Riquert y Ricardo Á. Basílico. |
| 250 | |a 1a. ed. | ||
| 260 | |a Buenos Aires : |b Hammurabi, |c 2025. | ||
| 300 | |a 694 p. | ||
| 500 | |a Prueba digital. Preservación. Cadena de custodia. Delitos informáticos tipificados y no tipificados. Acceso ilegítimo. Fraude electrónico. Daño informático. Revelación de secretos profesionales. "Grooming". Hostigamientos digital. Sextorsión. "Phising". Difusión no consentida de imágenes íntimas. "Deepfakes". IA. Violencia de género digital. Falsas denuncias. Delitos contra el honor. "Hacking". Ciberataques. Telecomunicaciones y seguridad informática. "Blockchain". Criptoactivos. Tutela preventiva del daño en redes sociales. Actuación del MPF, la defensa y la víctima. Impugnaciones penales y civiles. | ||
| 505 | 0 | |a En anexo: jurisprudencia. Modelos de escritos | |
| 020 | |a 9786313200177 | ||
| 700 | 1 | |a Motta, María José, |e dir. | |
| 700 | 1 | |a Aboso, Gustavo E. | |
| 700 | 1 | |a Álvarez, Diego. | |
| 700 | 1 | |a Arocena, Luis F. | |
| 700 | 1 | |a Barreiro, Gastón E. | |
| 700 | 1 | |a Brites, Martín. | |
| 700 | 1 | |a Ceballos, Nicolás R. | |
| 700 | 1 | |a Chaia, Rubén. | |
| 700 | 1 | |a Coello Higueras, Daniela A. | |
| 700 | 1 | |a García, Solano F. | |
| 700 | 1 | |a Jorquera, María Inés. | |
| 700 | 1 | |a Krausse, Vanessa S. | |
| 700 | 1 | |a Luján, Sebastián. | |
| 700 | 1 | |a Michi, Franco. | |
| 700 | 1 | |a Molina Soljan, Liliana. | |
| 700 | 1 | |a Motta, María José. | |
| 700 | 1 | |a Carram, Moises Naim. | |
| 700 | 1 | |a Olima Espel, Juan Manuel. | |
| 700 | 1 | |a Romero, Marcelo C. | |
| 700 | 1 | |a Sparrow, Esteban P. | |
| 700 | 1 | |a Sueiro, Christian C. | |
| 700 | 1 | |a Urruti, Mariela. | |
| 700 | 1 | |a Visscher Toledo, Matías A. | |
| 700 | 1 | |a Zamora, Guillermo M. | |
| 700 | 1 | |a Zermo Dopico, Patricio A. | |
| 700 | 1 | |a Zyska, Nicolás F. | |
| 700 | 1 | |a Riquert, Marcelo A., |e prol. | |
| 700 | 1 | |a Basílico, Ricardo Á., |e prol. | |
| 650 | 7 | |a CIBERDELITOS | |
| 650 | 7 | |a DERECHO INFORMÁTICO | |
| 650 | 7 | |a DERECHO DIGITAL | |
| 859 | |a DERECHO |b BIB. DERECHO |h 347 |i MOT |p 0010762 | ||
